| 000 | 01354naa a22003257a 4500 | ||
|---|---|---|---|
| 001 | BR8500811 | ||
| 003 | BR-BrBNA | ||
| 005 | 20240918175519.0 | ||
| 007 | ta | ||
| 008 | 230509b bl.||||| |||| 00| 0 por d | ||
| 040 |
_aBR-BrBNA _bpor _cBiblioteca Nacional de Agricultura |
||
| 041 | _a(Pt) | ||
| 072 |
_aH60; F00 _b3876 _b0120 |
||
| 090 | _aH60 BR8500811 | ||
| 100 | 1 | _aRuedell, J. | |
| 100 | 1 | _aSilva, M.T.B. da | |
| 100 | 1 | _aCampos, A.E. de | |
| 100 | 1 | _aTorres, L.A.M. | |
| 111 | 1 |
_a29. Reuniao Tecnica Anual do Milho _cPorto Alegre, RS (Brazil) _d30 Jul-1 Aug 1984 |
|
| 245 | 1 | _aEficiencia e seletividade de herbicidas na cultura do milho [Zea mays] | |
| 246 | 1 | _aHerbicide efficiency and selectiveness in maize crop [Zea mays] | |
| 246 | 1 | _a[Contribution of the Centro de Experimentacao e Pesquisa to the 29. Technical Yearly Meeting of Maize] | |
| 260 | 3 |
_aPorto Alegre, RS (Brasil): _c1984. |
|
| 500 | _aContribuicao do Centro de Experimentacao e Pesquisa a 29. Reuniao Tecnica Anual do Milho Porto Alegre, RS (Brasil): 1984. p. 86-96 (BR8500811-AM)H60 | ||
| 650 | _aHERBICIDA | ||
| 650 | _aMILHO | ||
| 773 | 0 |
_tContribuicao do Centro de Experimentacao e Pesquisa a 29. Reuniao Tecnica Anual do Milho _wH60 BR8500811 _gPorto Alegre, RS (Brasil), 1984. p. 86-96 |
|
| 909 |
_a202404 _bLucia _c55 _dLucia Elande |
||
| 942 |
_cAM _2AGRIS |
||
| 999 |
_c317079 _d317079 |
||